Saint poets of India /

Guardado en:
Detalles Bibliográficos
Autor principal: Bandyopadhyay, Pranab
Formato: Libro
Lenguaje:English
Publicado: Calcutta : United Writers : selling agents, Firma K.L.M., 1976.
Materias:
LEADER 00979nam a2200253 a 4500
001 c000161175
003 CARM
005 19920806000000.0
008 781031s1976 ii 000 0 eng
010 |a 76901278 //r923 
019 1 |a 1306494  |5 LACONCORD2021 
035 |a (OCoLC)4500818  |5 LACONCORD2021 
040 |a LC  |b eng  |c LC  |d LC 
050 0 0 |a PK5461.A3  |b B35 
082 0 0 |a 891/.1 
100 1 |a Bandyopadhyay, Pranab. 
245 1 0 |a Saint poets of India /  |c edited by Pranab Bandyopadhyay. 
260 |a Calcutta :  |b United Writers : selling agents, Firma K.L.M.,  |c 1976. 
300 |a 39 p. ;  |c 23 cm. 
500 |a Includes English translation of some of the writings of the saint poets. 
650 0 |a Indic poetry  |x Translations into English. 
852 8 |b CARM  |h A2:AJ23A0  |i B04874  |p 0212580  |f BK 
999 f f |i bea48c7f-ba71-537d-aa3d-423013930281  |s f1f011b7-6978-53f4-8fd7-171326b4914b 
952 f f |p Can circulate  |a CAVAL  |b CAVAL  |c CAVAL  |d CARM 1 Store  |e B04874  |f A2:AJ23A0  |h Other scheme  |i book  |m 0212580